Justification by faith: (Record no. 5696)

000 -LEADER
fixed length control field 00606nam a2200181 a 4500
001 - CONTROL NUMBER
control field :::00003438$&:&@@
003 - CONTROL NUMBER IDENTIFIER
control field OkBaRHE
005 - DATE AND TIME OF LATEST TRANSACTION
control field 20000607103305.0
008 - FIXED-LENGTH DATA ELEMENTS--GENERAL INFORMATION
fixed length control field s1981 j 000 0 eng u
040 ## - CATALOGING SOURCE
Transcribing agency
100 1# - MAIN ENTRY--PERSONAL NAME
Personal name MacDonald, William.
245 10 - TITLE STATEMENT
Title Justification by faith:
Remainder of title Paul's letter to the Christians at Rome.
260 ## - PUBLICATION, DISTRIBUTION, ETC. (IMPRINT)
Place of publication, distribution, etc Kansas City, KS., :
Name of publisher, distributor, etc Walterick Publishers
Date of publication, distribution, etc c1981
300 ## - PHYSICAL DESCRIPTION
Extent 166 p. ;
Dimensions 19 cm.
650 ## - SUBJECT ADDED ENTRY--TOPICAL TERM
Topical term or geographic name as entry element Bible New Testament Romans
General subdivision Commentaries
942 ## - ADDED ENTRY ELEMENTS (KOHA)
Source of classification or shelving scheme
Koha item type Books
Copies
Damaged status Barcode Not for loan Koha item type Source of classification or shelving scheme Lost status Date acquired Copy number Permanent Location Full call number Shelving location Withdrawn status Date last seen Price effective from
 3438 Books  2010-04-141RHEMA Bible Training CollegeBS 2665 .M3J6General Stacks 2018-03-282010-04-14